Вопросы геологии и нефтегазоносности Нижнего Поволжья: [сборник статей]

Bibliographic Details
Corporate Author: Волгоградский государственный научно-исследовательский и проектный институт нефтяной промышленности
Summary:В сборник вошли статьи, освещающие многолетние исследования геологического строения и перспектив нефтегазоносности Нижнего Поволжья. Сборник содержит материалы о прогнозировании, строении, закономерностях распространения и нефтегазоносностн погребенных девонских структур. В ряде статей дается характеристика различных типов коллекторов и пород-покрышек, раскрывается их влияние на формирование и сохранение нефтегазовых залежей. Сборник рассчитан на широкий круг геологов-нефтяников.
Language:Russian
Published: Волгоград, Нижне-Волжское кн. изд-во, 1972
Series:Труды Вып. 18
Subjects:
Format: Book
KOHA link:https://koha.lib.tpu.ru/cgi-bin/koha/opac-detail.pl?biblionumber=378731

MARC

LEADER 00000nam0a2200000 4500
001 378731
005 20231102013028.0
035 |a (RuTPU)RU\TPU\retro\36192 
035 |a RU\TPU\retro\36179 
090 |a 378731 
100 |a 20230613d1972 k y0rusy50 ca 
101 0 |a rus 
102 |a RU 
105 |a a z 001zy 
200 1 |a Вопросы геологии и нефтегазоносности Нижнего Поволжья  |e [сборник статей]  |f Волгоградский государственный научно-исследовательский и проектный институт нефтяной промышленности 
210 |a Волгоград  |c Нижне-Волжское кн. изд-во  |d 1972 
215 |a 112 с.  |c ил. 
225 1 |a Труды  |v Вып. 18 
320 |a Библиогр. в конце ст. 
330 |a В сборник вошли статьи, освещающие многолетние исследования геологического строения и перспектив нефтегазоносности Нижнего Поволжья. Сборник содержит материалы о прогнозировании, строении, закономерностях распространения и нефтегазоносностн погребенных девонских структур. В ряде статей дается характеристика различных типов коллекторов и пород-покрышек, раскрывается их влияние на формирование и сохранение нефтегазовых залежей. Сборник рассчитан на широкий круг геологов-нефтяников. 
606 1 |a Геология  |y Европейская часть СССР  |2 stltpush  |3 (RuTPU)RU\TPU\subj\6115  |9 34074 
606 1 |a Нефтегазоносность  |2 stltpush  |3 (RuTPU)RU\TPU\subj\45590  |9 64783 
610 1 |a Нижнее Поволжье 
610 1 |a буровые работы 
610 1 |a локальные поднятия 
610 1 |a закономерности 
610 1 |a прогнозирование 
610 1 |a петрография 
610 1 |a Прикаспийская впадина 
610 1 |a спорово-пыльцевые спектры 
610 1 |a Донбасс 
610 1 |a коллекторы 
675 |a 55(47)  |v 4 
675 |a 553.98  |v 4 
712 0 2 |a Волгоградский государственный научно-исследовательский и проектный институт нефтяной промышленности  |c (1970- )  |2 stltpush  |3 (RuTPU)RU\TPU\col\21678  |9 28101 
801 1 |a RU  |b 63413507  |c 20230526 
801 2 |a RU  |b 63413507  |c 20230613  |g RCR 
942 |c BK